Pays du turc au français - Statistiques

Statistiques générales
  • Ce quiz a été pris 318 fois
  • Le résultat moyen est 12 sur 16
Statistiques - réponses
Pays en turc Et en français % Correct
Polonya Pologne
99%
Almanya Allemagne
97%
İspanya Espagne
97%
Belçika Belgique
94%
Hindistan Inde
94%
Çin Chine
92%
Ermenistan Armenie
77%
Yunanistan Grece
77%
Mısır Egypte
65%
İsviçre Suisse
65%
Birleşik Devletler États-Unis
63%
Cezayir Algerie
61%
Avusturya Autriche
60%
Kıbrıs Chypre
58%
Gürcistan Georgie
54%
İsveç Suède
52%
Aucun quiz correspondant
Distribution des résultats
% des personnes avec chaque résultat
Percentile par nombre de réponses
Votre historique - résultats
Vous n’avez pas pris ce quiz